Statystyki dla Wszyscy zwycięzcy Asian Cup

Kliknij tutaj aby rozwiązać quiz!

Ogólne statystyki

  • Ten quiz został rozwiązany 66 razy
  • Średni wynik to 14 z 17

Statystyki odpowiedzi

HintOdpowiedź% Poprawnych
1992Japonia
98%
2011Japonia
98%
2004Japonia
98%
2000Japonia
98%
1956Korea Południowa
95%
1960Korea Południowa
95%
1984Arabia Saudyjska
89%
1988Arabia Saudyjska
89%
1996Arabia Saudyjska
89%
2019Katar
79%
1976Iran
77%
1972Iran
77%
1968Iran
77%
2007Irak
72%
2015Australia
68%
1964Izrael
39%
1980Kuwejt
28%

Rozkład punktacji

Percentyl według liczby udzielonych odpowiedzi

Procent ludzi z każdym wynikiem

Twoja historia wyników

Nie rozwiązałeś tego quizu